000 01454cam a22003734i 4500
003 PE-LiUPU
005 20250731183417.0
008 150625s r 000 0 d
035 _a(Sirsi) a34695
040 _aPE-LiUPU
_bspa
_cPE-LiUPU
_erda
082 0 4 _a751.422
_bB849t
_223
100 1 _aBrian, J.,
_eautor.
245 1 0 _aTecnica de la acuarela /
_c J. Brian.
250 _aSéptima edición
264 1 _aBarcelona :
_bL. E. D. A. Ediciones de Arte,
_c1974.
300 _a95 páginas :
_bilustraciones ;
_c25.5 centímetros.
336 _atext
_2rdacontent
337 _aunmediated
_2rdamedia
338 _avolume
_2rdacarrier
490 _aComo se aprende
505 0 _aElementos y materiales. - fundamentos de la ejecución. - el color físico y el material - practicas elementales. - técnica de la acuarela. - cualidades de color y luz sobre color y forma. - motas rápidas. - paisajes y marinas. - la figura. - conservación y presentación de las acuarelas.
526 _aP158
526 _aP146
526 _aP17
526 _aP12
526 _aP06
650 0 4 _aAcuarela.
650 0 4 _aPintura al temple.
650 0 4 _aPintura al agua.
942 _2ddc
_cBK
_n0
949 _a751.422 B849t
_wDEWEY
_c1
_i15859
_lCCODEBUL1
_mBUL
_p670.00
_r0
_sY
_tBOOK
_u2015-06-25
_xBIBLIOTECA
_zUNKNOWN
_0COMPRA
_o.STAFF. Colección General
999 _c42579
_d42579
980 _81
_gALBERTO SANCHEZ Responsable de Automatización